Ciudades con los aeropuertos más transitados de Europa - Estadísticas

Estadísticas generales
  • Esta prueba ha sido intentada 73 veces
  • La puntuación promedio es 12 de 15
Estadísticas de respuestas
Hint Respuesta % Correcto
2. Londres
98%
10. Londres
98%
5. Madrid
95%
3. París
95%
8. Barcelona
94%
9. Roma
92%
4. Ámsterdam
80%
7. Múnich
78%
1. Estambul
77%
11. Dublín
71%
14. Oslo
71%
15 Bruselas
69%
6. Frankfurt
63%
13. Copenhague
60%
12. Zúrich
54%
No se encontraron pruebas coincidentes
Distribución de puntuación
Porcentaje de gente con cada puntuación
Porcentaje por número respondido
Historial de tus puntuaciones
No has intentado esta prueba.